Deutsche Städte, die mit D beginnen - Karten-Quiz - Statistiken

Allgemein
  • Dieses Quiz wurde 156 mal gespielt
  • Das Durchschnittsergebnis liegt bei 10 aus 16
Antworten auf der Karte
Die Antworten werden auf der Karte rot bzw. grün angezeigt, abhängig davon wie oft sie richtig erraten wurden.
 
Antwortstatistiken
Antwort % Korrekt
Dortmund
90%
Darmstadt
88%
Düsseldorf
87%
Dresden
83%
Düren
83%
Delmenhorst
77%
Dessau-Roßlau
75%
Dachau
72%
Donaueschingen
67%
Deggendorf
52%
Dillingen
52%
Delitzsch
50%
Dahme/Mark
45%
Demmin
45%
Dannenberg
42%
Dingelstädt
32%
Keine übereinstimmenden Quizze gefunden
Verteilung der Resultate
Anzahl Personen mit jedem Resultat
Perzentil nach korrekt beantworteten Fragen
Ihre Resultats-Entwicklung
Sie haben dieses Quiz noch nicht gespielt